[Event "NED Cup"]
[Site "Utrecht"]
[Date "2023.05.18"]
[Round "1.4"]
[White "Wemmers, Xander"]
[Black "Bosch, Jeroen"]
[Result "1/2-1/2"]
[WhiteElo "2350"]
[BlackElo "2419"]
[PlyCount "67"]
[EventDate "2023.05.18"]
[EventType "team-k.o."]
[EventRounds "2"]
[EventCountry "NED"]
[SourceTitle "CBM 214 Extra"]
[Source "ChessBase"]
[SourceDate "2023.07.31"]
[SourceVersion "1"]
[SourceVersionDate "2023.07.31"]
[SourceQuality "1"]
[WhiteTeam "Utrecht Paul Keres"]
[BlackTeam "Den Bosch HMC"]
[WhiteTeamCountry "NED"]
[BlackTeamCountry "NED"]

1. d4 Nf6 2. c4 d6 3. Nc3 Nbd7 4. e4 e5 5. Nf3 Be7 6. Be2 c6 7. Rb1 0-0 8. 0-0 a5 9. Qc2 Qc7 10. b3 Re8 11. a3 Bf8 12. b4 axb4 13. axb4 g6 14. h3 exd4 15. Nxd4 Bg7 16. Rd1 h6 17. Bf4 Ne5 18. Bg3 Qe7 19. f4 Ned7 20. Bf3 Nb6 21. Qd3 Ra3 22. Rb3 Rxb3 23. Nxb3 Nxc4 24. Qxc4 Be6 25. Nd5 cxd5 26. exd5 Bd7 27. Re1 Qd8 28. Rxe8+ Nxe8 29. Bf2 Qc7 30. Qxc7 Nxc7 31. Na5 Bc3 32. Nxb7 Bxb4 33. Bb6 Nb5 34. Kf2 1/2-1/2

[Event "NED-chT 2122"]
[Site "Netherlands"]
[Date "2022.04.02"]
[Round "8.8"]
[White "Bosch, Jeroen"]
[Black "Janssen, Ruud"]
[Result "1/2-1/2"]
[WhiteElo "2418"]
[BlackElo "2529"]
[PlyCount "82"]
[EventDate "2021.09.18"]
[EventType "team-tourn"]
[EventRounds "9"]
[EventCountry "NED"]
[SourceTitle "EXT 2024"]
[Source "ChessBase"]
[SourceDate "2023.10.10"]
[SourceVersion "1"]
[SourceVersionDate "2023.10.10"]
[SourceQuality "1"]
[WhiteTeam "Den Bosch HMC"]
[BlackTeam "En Passant"]
[WhiteTeamCountry "NED"]
[BlackTeamCountry "NED"]

1. e4 e5 2. Nf3 Nc6 3. Bb5 a6 4. Ba4 Nf6 5. 0-0 Be7 6. Re1 b5 7. Bb3 d6 8. c3 0-0 9. a4 Rb8 10. axb5 axb5 11. d4 exd4 12. cxd4 Bg4 13. Be3 Nb4 14. d5 c5 15. dxc6 Nxc6 16. h3 Bh5 17. Nc3 Na5 18. Bc2 Nc4 19. Bc1 Qc8 20. Bd3 Re8 21. Rb1 Bf8 22. Bg5 Nxb2 23. Rxb2 Qxc3 24. Bxf6 Qxf6 25. Rxb5 Rxb5 26. Bxb5 Rb8 27. Be2 Qf4 28. Nh2 Bg6 29. Bf3 Re8 30. g3 Qe5 31. Bg2 Qa5 32. Re3 h5 33. h4 Qc5 34. Nf1 Be7 35. Rd3 Rb8 36. Ne3 Rb2 37. Rd2 Rxd2 38. Qxd2 Bf6 39. Nd5 Qd4 40. Ne7+ Kh7 41. Qxd4 Bxd4 1/2-1/2

[Event "Oberliga NRW 1920"]
[Site "Germany"]
[Date "2020.02.16"]
[Round "6.2"]
[White "Bosch, Jeroen"]
[Black "Hendriks, Willy"]
[Result "1/2-1/2"]
[WhiteElo "2420"]
[BlackElo "2397"]
[PlyCount "46"]
[EventDate "2019.09.15"]
[EventType "team-tourn"]
[EventRounds "9"]
[EventCountry "GER"]
[SourceTitle "EXT 2022"]
[Source "ChessBase"]
[SourceDate "2021.10.06"]
[SourceVersion "1"]
[SourceVersionDate "2021.10.06"]
[SourceQuality "1"]
[WhiteTeam "Plettenberg"]
[BlackTeam "Bochum SG"]
[WhiteTeamCountry "GER"]
[BlackTeamCountry "GER"]

1. e4 c5 2. Nf3 Nc6 3. d4 cxd4 4. Nxd4 e5 5. Nb5 d6 6. c4 Be7 7. Bd3 Nf6 8. N5c3 0-0 9. 0-0 Bg4 10. f3 Be6 11. Nd5 Nd7 12. Nxe7+ Qxe7 13. Nc3 Nc5 14. Nd5 Bxd5 15. cxd5 Nd4 16. Be3 f5 17. b4 fxe4 18. fxe4 Rxf1+ 19. Qxf1 Rf8 20. Qd1 Nd7 21. Qg4 Nf6 22. Qh3 h5 23. Rc1 Ng4 1/2-1/2

[Event "Oberliga NRW 1920"]
[Site "Germany"]
[Date "2019.11.10"]
[Round "3.2"]
[White "Bosch, Jeroen"]
[Black "Cukrowski, Filip"]
[Result "0-1"]
[WhiteElo "2420"]
[BlackElo "2425"]
[PlyCount "112"]
[EventDate "2019.09.15"]
[EventType "team-tourn"]
[EventRounds "9"]
[EventCountry "GER"]
[SourceTitle "CBM 195 Extra"]
[Source "ChessBase"]
[SourceDate "2020.05.31"]
[SourceVersion "1"]
[SourceVersionDate "2020.05.31"]
[SourceQuality "1"]
[WhiteTeam "Plettenberg"]
[BlackTeam "Letmathe"]
[WhiteTeamCountry "GER"]
[BlackTeamCountry "GER"]

1. Nf3 Nf6 2. c4 e6 3. b3 b6 4. g3 Bb7 5. Bg2 c5 6. 0-0 Be7 7. Bb2 0-0 8. Nc3 Nc6 9. e3 d5 10. cxd5 Nxd5 11. Nxd5 exd5 12. d4 Ba6 13. Re1 Nb4 14. Ne5 Bb7 15. dxc5 bxc5 16. a3 Na6 17. Qh5 Bf6 18. Rad1 Rb8 19. Qe2 Qc7 20. f4 Rfd8 21. Qc2 Qb6 22. Ba1 d4 23. Nc4 Qb5 24. a4 Qd7 25. exd4 Bxg2 26. Qxg2 cxd4 27. Ne5 Bxe5 28. Rxe5 f6 29. Ra5 Qe6 30. Qf1 d3 31. Rb5 Rxb5 32. axb5 Nc5 33. b4 Nb3 34. Rxd3 Rxd3 35. Qxd3 Nxa1 36. Qd8+ Kf7 37. Qc7+ Kg6 38. Qxa7 Nc2 39. Qf2 Nxb4 40. b6 Qd5 41. h3 Na6 42. Qe2 Qc5+ 43. Kg2 Qc6+ 44. Qf3 Nb8 45. b7 Kf5 46. g4+ Ke6 47. Kg3 Qxf3+ 48. Kxf3 Nd7 49. Ke3 Kd5 50. f5 h5 51. Kf4 hxg4 52. hxg4 Kc6 53. g5 Kxb7 54. Kg4 Kc6 55. Kh5 Kd6 56. Kg6 Ke5 0-1

[Event "Barcelona Sants op 21st"]
[Site "Barcelona"]
[Date "2019.08.30"]
[Round "8"]
[White "Bosch, Jeroen"]
[Black "Domingo Nunez, Ruben"]
[Result "1-0"]
[WhiteElo "2422"]
[BlackElo "2345"]
[PlyCount "159"]
[EventDate "2019.08.23"]
[EventType "swiss"]
[EventRounds "10"]
[EventCountry "ESP"]
[SourceTitle "EXT 2020"]
[Source "ChessBase"]
[SourceDate "2019.10.17"]
[SourceVersion "1"]
[SourceVersionDate "2019.10.17"]
[SourceQuality "1"]

1. d4 Nf6 2. Nf3 b6 3. e3 Bb7 4. Bd3 g6 5. c4 Bg7 6. 0-0 0-0 7. Re1 d5 8. cxd5 Nxd5 9. e4 Nb4 10. Bc4 N4c6 11. d5 Na5 12. Bb3 c6 13. Nc3 Na6 14. Bg5 Nb4 15. a3 Nxb3 16. Qxb3 Nd3 17. Red1 Nc5 18. Qc2 Qe8 19. Re1 h6 20. Bh4 g5 21. Bg3 f5 22. exf5 cxd5 23. Be5 Qf7 24. Bxg7 Kxg7 25. Rad1 Rae8 26. b4 Ne4 27. Nxe4 dxe4 28. Nd4 Rc8 29. Qa4 Bd5 30. Qxa7 e5 31. Qxf7+ Kxf7 32. Ne2 Rfd8 33. Ng3 Kf6 34. h3 Bb7 35. Nxe4+ Bxe4 36. Rxd8 Rxd8 37. Rxe4 Rd1+ 38. Kh2 Rd2 39. f3 b5 40. Re3 Kxf5 41. Rc3 Ra2 42. Rc5 Rxa3 43. Rxb5 Rb3 44. Rb6 h5 45. Rb8 g4 46. Rf8+ Kg6 47. hxg4 Rxb4 48. gxh5+ Kg5 49. Re8 Rb5 50. Rh8 e4 51. fxe4 Re5 52. Rd8 Rxe4 53. Rd5+ Kh6 54. Kh3 Re3+ 55. Kh4 Re2 56. Rd6+ Kh7 57. g4 Re5 58. Rg6 Ra5 59. Rg5 Ra1 60. Rb5 Ra8 61. Rb7+ Kg8 62. h6 Ra5 63. g5 Ra4+ 64. Kh5 Ra5 65. Re7 Rb5 66. Kg6 Rb6+ 67. Kf5 Rb5+ 68. Re5 Rb1 69. Kf6 Rf1+ 70. Rf5 Ra1 71. Kg6 Ra8 72. Kh5 Ra1 73. Re5 Kf7 74. Rf5+ Kg8 75. Rb5 Kf7 76. Rb7+ Kg8 77. Rb8+ Kf7 78. g6+ Kf6 79. Rf8+ Ke7 80. g7 1-0

[Event "Barcelona Sants op 21st"]
[Site "Barcelona"]
[Date "2019.08.24"]
[Round "2"]
[White "Bosch, Jeroen"]
[Black "Nadal Fajardo, Ricard"]
[Result "1/2-1/2"]
[WhiteElo "2422"]
[BlackElo "2221"]
[PlyCount "43"]
[EventDate "2019.08.23"]
[EventType "swiss"]
[EventRounds "10"]
[EventCountry "ESP"]
[SourceTitle "EXT 2020"]
[Source "ChessBase"]
[SourceDate "2019.10.17"]
[SourceVersion "1"]
[SourceVersionDate "2019.10.17"]
[SourceQuality "1"]

1. e4 e6 2. d4 d5 3. Bd3 dxe4 4. Bxe4 Nf6 5. Bf3 c5 6. Ne2 Nc6 7. Be3 Nd5 8. Nbc3 Nxe3 9. fxe3 Be7 10. Bxc6+ bxc6 11. dxc5 Bxc5 12. Qxd8+ Kxd8 13. Nd4 Kc7 14. 0-0 f6 15. Na4 Be7 16. c4 e5 17. Nf5 Bxf5 18. Rxf5 Rad8 19. Rf2 Rd3 20. Re2 Rhd8 21. Kf2 R8d7 22. Rc1 1/2-1/2

[Event "NED-chT 1819"]
[Site "Netherlands"]
[Date "2019.04.13"]
[Round "8.6"]
[White "Bosch, Jeroen"]
[Black "Handke, Florian"]
[Result "0-1"]
[WhiteElo "2412"]
[BlackElo "2541"]
[PlyCount "88"]
[EventDate "2018.09.15"]
[EventType "team-tourn"]
[EventRounds "9"]
[EventCountry "NED"]
[SourceTitle "CBM 189 Extra"]
[Source "ChessBase"]
[SourceDate "2019.06.03"]
[SourceVersion "1"]
[SourceVersionDate "2019.06.03"]
[SourceQuality "1"]
[WhiteTeam "Calder HMC"]
[BlackTeam "Zuid Limburg"]
[WhiteTeamCountry "NED"]
[BlackTeamCountry "NED"]

1. c4 e5 2. Nc3 Bb4 3. Qc2 Nf6 4. Nf3 d6 5. Qa4+ Nc6 6. Nd5 Bc5 7. b4 Nxd5 8. bxc5 Ndb4 9. a3 Na6 10. cxd6 Nc5 11. Qd1 Qxd6 12. Bb2 0-0 13. e3 e4 14. Nd4 Ne5 15. Bc3 Qg6 16. Qc2 Bd7 17. Nb5 Ncd3+ 18. Bxd3 Nxd3+ 19. Kf1 Bh3 20. Rg1 Qf5 21. Qxd3 exd3 22. gxh3 Qxh3+ 23. Rg2 f6 24. Kg1 c6 25. Nd4 c5 26. Nb5 Qd7 27. Bb2 Qf7 28. Rc1 a6 29. Nc3 Qxc4 30. f3 Qb3 31. Ba1 Qxa3 32. Rb1 b5 33. Ne4 Kh8 34. Kf2 c4 35. Rbg1 Qe7 36. Ng3 g6 37. h4 b4 38. h5 g5 39. Nf5 Qd7 40. Rxg5 c3 41. dxc3 d2 42. cxb4 d1Q 43. Rg8+ Rxg8 44. Bxf6+ Rg7 0-1

[Event "NRW Class2 1819"]
[Site "Germany"]
[Date "2019.01.13"]
[Round "5.2"]
[White "Nagel, Bernhard"]
[Black "Bosch, Jeroen"]
[Result "1/2-1/2"]
[WhiteElo "2151"]
[BlackElo "2397"]
[PlyCount "86"]
[EventDate "2018.09.16"]
[EventType "team-tourn"]
[EventRounds "9"]
[EventCountry "GER"]
[SourceTitle "EXT 2022"]
[Source "ChessBase"]
[SourceDate "2021.10.06"]
[SourceVersion "1"]
[SourceVersionDate "2021.10.06"]
[SourceQuality "1"]
[WhiteTeam "Koeln Lasker"]
[BlackTeam "Plettenberg"]
[WhiteTeamCountry "GER"]
[BlackTeamCountry "GER"]

1. c4 d6 2. g3 g6 3. Nc3 Bg7 4. b3 c5 5. Bb2 Nc6 6. Bg2 Bd7 7. e3 h5 8. h3 Nh6 9. Nge2 Nf5 10. d3 a6 11. Qd2 Rb8 12. Nd1 e5 13. Ndc3 0-0 14. Nd5 b5 15. 0-0 Nce7 16. Nec3 b4 17. Nxe7+ Nxe7 18. Ne2 Be6 19. d4 Qc7 20. dxe5 dxe5 21. Rad1 Rbd8 22. Qc1 Qc8 23. Kh2 Bf5 24. Rxd8 Rxd8 25. Rd1 a5 26. Ng1 Rd7 27. Qa1 f6 28. Bf3 Kf7 29. Qc1 Qd8 30. Rxd7 Qxd7 31. Qd1 Qd3 32. g4 hxg4 33. hxg4 Qxd1 34. Bxd1 Bd3 35. Ne2 Nc8 36. Nc1 Be4 37. f3 Bb1 38. Kg3 Nd6 39. a4 e4 40. f4 f5 41. Bxg7 Kxg7 42. g5 Kf7 43. Kf2 Ke6 1/2-1/2

[Event "NED-chT 1819"]
[Site "Netherlands"]
[Date "2018.11.24"]
[Round "4.6"]
[White "Bosch, Jeroen"]
[Black "Dardha, Daniel"]
[Result "1/2-1/2"]
[WhiteElo "2412"]
[BlackElo "2299"]
[PlyCount "66"]
[EventDate "2018.09.15"]
[EventType "team-tourn"]
[EventRounds "9"]
[EventCountry "NED"]
[SourceTitle "CBM 187 Extra"]
[Source "ChessBase"]
[SourceDate "2018.11.04"]
[SourceVersion "1"]
[SourceVersionDate "2018.11.04"]
[SourceQuality "1"]
[WhiteTeam "Calder HMC"]
[BlackTeam "Charlois Europoort"]
[WhiteTeamCountry "NED"]
[BlackTeamCountry "NED"]

1. c4 c5 2. Nf3 Nf6 3. Nc3 Nc6 4. d4 cxd4 5. Nxd4 e6 6. a3 Bc5 7. Nb3 Be7 8. g3 b6 9. Bg2 Ba6 10. Nd2 0-0 11. 0-0 Rc8 12. b4 Bb7 13. Bb2 Qc7 14. Rc1 Qb8 15. e4 a5 16. b5 Ne5 17. Qe2 d6 18. Na4 Ned7 19. Rfd1 Ba8 20. Nb3 Rc7 21. e5 dxe5 22. Bxa8 Qxa8 23. Bxe5 Nxe5 24. Qxe5 Qb7 25. Qb2 Ne4 26. h4 Rfc8 27. c5 Nxc5 28. Naxc5 Bxc5 29. Nxc5 Rxc5 30. Rxc5 bxc5 31. a4 h6 32. Qc3 Qc7 33. Qc4 Kh7 1/2-1/2

[Event "NRW Class2 1718"]
[Site "Germany"]
[Date "2018.04.29"]
[Round "9.2"]
[White "Bosch, Jeroen"]
[Black "Wagner, Alexej"]
[Result "1/2-1/2"]
[WhiteElo "2409"]
[BlackElo "2199"]
[PlyCount "152"]
[EventDate "2017.09.17"]
[EventType "team-tourn"]
[EventRounds "9"]
[EventCountry "GER"]
[SourceTitle "EXT 2019"]
[Source "ChessBase"]
[SourceDate "2018.10.10"]
[SourceVersion "1"]
[SourceVersionDate "2018.10.10"]
[SourceQuality "1"]
[WhiteTeam "Plettenberg"]
[BlackTeam "Lippstadt Turm"]
[WhiteTeamCountry "GER"]
[BlackTeamCountry "GER"]

1. c4 Nf6 2. Nf3 e6 3. g3 d5 4. b3 d4 5. Bg2 c5 6. e3 Nc6 7. exd4 cxd4 8. 0-0 Bd6 9. d3 0-0 10. Re1 e5 11. Ba3 Bf5 12. b4 a6 13. Qb3 Re8 14. Nbd2 h6 15. Rad1 Rc8 16. h3 Nd7 17. Ne4 Bf8 18. Nfd2 Be6 19. Qb1 a5 20. Nc5 axb4 21. Nxe6 Rxe6 22. Bb2 Ra8 23. Bd5 Re8 24. Nf3 Qa5 25. Qc2 Nf6 26. Be4 Nxe4 27. Rxe4 Re6 28. g4 Qc7 29. Ra1 Ra5 30. Nd2 Ne7 31. Nb3 Raa6 32. Qe2 Ng6 33. Bc1 Be7 34. Bd2 Qc8 35. Qe1 Ra4 36. Kf1 Qc6 37. Kg1 Qa6 38. Nc1 Nh4 39. Qe2 Bg5 40. Bxg5 hxg5 41. Nb3 Qc6 42. Nd2 Ra3 43. Nb3 g6 44. Kh2 f5 45. gxf5 gxf5 46. Rxh4 gxh4 47. Rg1+ Rg6 48. Qxe5 Rxg1 49. Kxg1 Qg6+ 50. Kf1 Rxa2 51. Qb8+ Kh7 52. Qxb7+ Qg7 53. Qf3 Qf6 54. Qf4 Kg6 55. Nxd4 Ra1+ 56. Ke2 Ra5 57. Nf3 b3 58. Qb8 Ra2+ 59. Kf1 Ra1+ 60. Kg2 b2 61. Ne5+ Kh7 62. Qxb2 Qg7+ 63. Kf3 Rh1 64. Kf4 Rxh3 65. Qe2 Kh6 66. Kxf5 Qg5+ 67. Ke6 Kg7 68. Qe4 Qf6+ 69. Kd7 Rh2 70. Ng4 Qf7+ 71. Kd6 Rh3 72. c5 Rf3 73. Qe5+ Kh7 74. Qe4+ Kg7 75. Qe5+ Kh7 76. Qe4+ Kg7 1/2-1/2

[Event "NRW Class2 1718"]
[Site "Germany"]
[Date "2018.02.18"]
[Round "6"]
[White "Grabowski, Pawel"]
[Black "Bosch, Jeroen"]
[Result "0-1"]
[WhiteElo "2293"]
[BlackElo "2409"]
[PlyCount "66"]
[EventDate "2017.09.17"]
[EventType "team-tourn"]
[EventRounds "9"]
[EventCountry "GER"]
[SourceTitle "EXT 2019"]
[Source "ChessBase"]
[SourceDate "2018.10.10"]
[SourceVersion "1"]
[SourceVersionDate "2018.10.10"]
[SourceQuality "1"]
[WhiteTeam "Godesberg"]
[BlackTeam "Plettenberg"]
[WhiteTeamCountry "GER"]
[BlackTeamCountry "GER"]

1. d4 Nf6 2. c4 d6 3. Nc3 Nbd7 4. Nf3 g6 5. g3 Bg7 6. Bg2 0-0 7. 0-0 e5 8. d5 a5 9. b3 Nc5 10. Ne1 Nfd7 11. Nd3 f5 12. Nxc5 Nxc5 13. Be3 Nd7 14. Rc1 Nf6 15. Qd2 f4 16. gxf4 Ng4 17. h3 Nxe3 18. fxe3 Bd7 19. Ne4 Qh4 20. Qe1 Qe7 21. c5 Bf5 22. cxd6 cxd6 23. Ng3 Bd7 24. Rc7 Qd8 25. Rc2 Qb6 26. Kh2 Qxe3 27. Rf3 Qb6 28. e3 Rae8 29. Qd2 Re7 30. Qc1 Ref7 31. Rcf2 exf4 32. exf4 Bb5 33. Qc2 Bd4 0-1

[Event "NED-chT 1718"]
[Site "Netherlands"]
[Date "2017.11.04"]
[Round "3.1"]
[White "Bosch, Jeroen"]
[Black "Nikolic, Predrag"]
[Result "1/2-1/2"]
[WhiteElo "2411"]
[BlackElo "2598"]
[PlyCount "136"]
[EventDate "2017.09.16"]
[EventType "team-tourn"]
[EventRounds "9"]
[EventCountry "NED"]
[SourceTitle "EXT 2019"]
[Source "ChessBase"]
[SourceDate "2018.10.10"]
[SourceVersion "1"]
[SourceVersionDate "2018.10.10"]
[SourceQuality "1"]
[WhiteTeam "Calder HMC"]
[BlackTeam "Leiden LSG"]
[WhiteTeamCountry "NED"]
[BlackTeamCountry "NED"]

1. c4 e5 2. Nc3 Nf6 3. Nf3 Nc6 4. e3 Bb4 5. Qc2 0-0 6. Nd5 Re8 7. Qf5 d6 8. Nxf6+ Qxf6 9. Qxf6 gxf6 10. a3 Bc5 11. b4 Bb6 12. Bb2 a5 13. b5 Ne7 14. d4 Bg4 15. c5 Ba7 16. b6 Bxf3 17. gxf3 Bb8 18. 0-0-0 cxb6 19. cxd6 Bxd6 20. dxe5 Rac8+ 21. Kb1 Bxe5 22. f4 Bxb2 23. Kxb2 Kf8 24. Bg2 Rc7 25. Rd2 Nc6 26. Rc1 Ke7 27. a4 Rd7 28. Rcd1 Rxd2+ 29. Rxd2 Rd8 30. Rxd8 Nxd8 31. Kc3 b5 32. axb5 b6 33. Be4 h6 34. Kc4 Ne6 35. Bc2 Kd6 36. h4 Nc5 37. Bf5 Ne6 38. Bc2 Nf8 39. f5 Nd7 40. f4 Nc5 41. e4 Kd7 42. e5 Ke7 43. Bb1 a4 44. Ba2 a3 45. Kd4 fxe5+ 46. fxe5 f6 47. exf6+ Kxf6 48. Bb1 Na4 49. Kc4 Ke5 50. Kb4 Nc5 51. Kxa3 Nb7 52. Kb4 Nd6 53. f6 Kxf6 54. Bd3 Ke5 55. Kc3 Kd5 56. Kd2 Kd4 57. Ke2 Ne4 58. Bxe4 Kxe4 59. h5 Kd4 60. Kf3 Kc5 61. Kf4 Kxb5 62. Kf5 Kc6 63. Kg6 b5 64. Kxh6 b4 65. Kg7 b3 66. h6 b2 67. h7 b1Q 68. h8Q Qa1+ 1/2-1/2

[Event "NED-chT 1617"]
[Site "Netherlands"]
[Date "2017.04.01"]
[Round "8.2"]
[White "Bosch, Jeroen"]
[Black "Ernst, Sipke"]
[Result "0-1"]
[WhiteElo "2381"]
[BlackElo "2534"]
[PlyCount "70"]
[EventDate "2016.09.17"]
[EventType "team-tourn"]
[EventRounds "9"]
[EventCountry "NED"]
[SourceTitle "EXT 2018"]
[Source "ChessBase"]
[SourceDate "2017.10.13"]
[SourceVersion "1"]
[SourceVersionDate "2017.10.13"]
[SourceQuality "1"]
[WhiteTeam "Calder HMC"]
[BlackTeam "Groningen Combinatie"]
[WhiteTeamCountry "NED"]
[BlackTeamCountry "NED"]

1. d4 e6 2. Nf3 c5 3. e4 cxd4 4. Nxd4 Nc6 5. Nc3 Qc7 6. g3 a6 7. Bg2 h5 8. 0-0 Nf6 9. Re1 Nxd4 10. Qxd4 Bc5 11. Bf4 d6 12. Qd2 Ng4 13. Nd1 a5 14. c3 a4 15. Be3 Nxe3 16. Nxe3 0-0 17. Rad1 Bd7 18. Nc2 e5 19. Ne3 Be6 20. Nf5 f6 21. a3 g6 22. Ne3 h4 23. Qe2 Kg7 24. Rd2 Rh8 25. Bf3 hxg3 26. hxg3 Rh6 27. Bg4 Bxe3 28. fxe3 Rah8 29. Bxe6 Rh1+ 30. Kg2 R8h2+ 31. Kf3 Rxe2 32. Rdxe2 Qe7 33. Bd5 f5 34. Rf2 Qg5 35. exf5 Qxf5+ 0-1

[Event "NRW Class1 1617"]
[Site "Germany"]
[Date "2017.01.22"]
[Round "5.2"]
[White "Bosch, Jeroen"]
[Black "Buendgen, Achim"]
[Result "1-0"]
[WhiteElo "2381"]
[BlackElo "2183"]
[PlyCount "123"]
[EventDate "2016.09.25"]
[EventType "team-tourn"]
[EventRounds "9"]
[EventCountry "GER"]
[SourceTitle "EXT 2023"]
[Source "ChessBase"]
[SourceDate "2022.10.05"]
[SourceVersion "1"]
[SourceVersionDate "2022.10.05"]
[SourceQuality "1"]
[WhiteTeam "Plettenberg"]
[BlackTeam "Neuenkirchen"]
[WhiteTeamCountry "GER"]
[BlackTeamCountry "GER"]

1. d4 Nf6 2. Nf3 c5 3. d5 e6 4. Nc3 exd5 5. Nxd5 Nxd5 6. Qxd5 Be7 7. e4 Nc6 8. Be2 0-0 9. 0-0 Nb4 10. Qd2 d5 11. exd5 Qxd5 12. c3 Qxd2 13. Bxd2 Nc6 14. Rfe1 a6 15. Bc4 Bd7 16. Bg5 Bxg5 17. Nxg5 b5 18. Bd5 Ra7 19. Rad1 Rc7 20. f3 h6 21. Ne4 Nd8 22. Rd2 Be6 23. Red1 Bxd5 24. Rxd5 Nb7 25. Kf2 Rfc8 26. h4 Kf8 27. h5 Rc6 28. g4 Ke8 29. Re5+ Kf8 30. Rd7 R6c7 31. Ree7 Rxd7 32. Rxd7 Rb8 33. Rc7 c4 34. Ke3 Nd8 35. Ra7 Rb6 36. Nc5 Rc6 37. Nxa6 Re6+ 38. Kf2 Rd6 39. Ke2 Ne6 40. Nc7 Nf4+ 41. Ke3 Ng2+ 42. Ke4 Rd2 43. Nxb5 Rxb2 44. Nd6 Re2+ 45. Kd4 Rd2+ 46. Kc5 Rd3 47. Rxf7+ Kg8 48. Rc7 Rxc3 49. Nxc4 Rxf3 50. Rc8+ Kh7 51. a4 Nf4 52. a5 Ne6+ 53. Kd5 Rf6 54. a6 Nf4+ 55. Ke4 Rxa6 56. Kxf4 g6 57. Rc7+ Kg8 58. hxg6 Rxg6 59. Ne3 Ra6 60. Rd7 Ra4+ 61. Kf5 Ra5+ 62. Nd5 1-0

[Event "NED-chT 1516"]
[Site "Netherlands"]
[Date "2016.02.13"]
[Round "6.2"]
[White "Ris, Robert"]
[Black "Bosch, Jeroen"]
[Result "1-0"]
[WhiteElo "2436"]
[BlackElo "2377"]
[PlyCount "109"]
[EventDate "2015.09.26"]
[EventType "team-tourn"]
[EventRounds "9"]
[EventCountry "NED"]
[SourceTitle "CBM 170 Extra"]
[Source "ChessBase"]
[SourceDate "2016.02.25"]
[SourceVersion "1"]
[SourceVersionDate "2016.02.25"]
[SourceQuality "1"]
[WhiteTeam "BSG"]
[BlackTeam "Calder HMC"]
[WhiteTeamCountry "NED"]
[BlackTeamCountry "NED"]

1. Nf3 Nf6 2. d4 e6 3. Bf4 c5 4. e3 b6 5. Bd3 Bb7 6. 0-0 Nc6 7. c3 Be7 8. h3 0-0 9. Nbd2 cxd4 10. exd4 Re8 11. Re1 d6 12. Qe2 Nd5 13. Bh2 g6 14. Rad1 Rc8 15. a3 Nb8 16. Ne4 Nf6 17. Nfg5 Nxe4 18. Nxe4 a6 19. Qf3 Rc7 20. Qf4 Rd7 21. Bc2 b5 22. Bb3 Bxe4 23. Qxe4 d5 24. Qe2 Nc6 25. Rd3 Na5 26. Bc2 Nc4 27. h4 Bxh4 28. Rh3 Bf6 29. Bd3 Rde7 30. b3 Nd6 31. Qf3 Bg7 32. Be5 f5 33. Qf4 Bxe5 34. dxe5 Nb7 35. b4 Rc7 36. g4 fxg4 37. Qxg4 Qe7 38. Ree3 Qg7 39. Reg3 Nd8 40. Rxh7 Qxh7 41. Bxg6 Qg7 42. Qh5 Ree7 43. Kf1 Kf8 44. Ke2 Nc6 45. f4 d4 46. cxd4 Nxd4+ 47. Kf2 Rf7 48. Qh4 Qxg6 49. Qh8+ Ke7 50. Rxg6 Rc3 51. Rg8 Rxf4+ 52. Ke1 Nf3+ 53. Ke2 Re4+ 54. Kf2 Rec4 55. Qg7# 1-0